[Event "1st China Chess King Competition 2024"]
[Site "Chengdu"]
[Date "2024.01.06"]
[Round "1.1"]
[White "Xue, Haowen"]
[Black "Li, Di"]
[Result "1/2-1/2"]
[WhiteElo "2452"]
[BlackElo "2563"]
[Annotator "TA"]
[PlyCount "80"]
[EventDate "2024.01.07"]
[EventType "k.o."]
[EventCountry "CHN"]
[SourceTitle "playchess.com"]
[Source "ChessBase"]
[SourceQuality "1"]

{[%evp 24,80,13,25,20,11,24,14,17,13,45,61,82,64,63,36,43,31,59,0,0,0,0,0,0,0,260,259,259,264,633,622,615,342,626,0,628,0,646,630,683,661,931,689,860,858,764,752,729,744,737,697,654,0,0,0,0,0,0]} 1. Nf3 {[%emt 0:00:01]} Nf6 {[%emt 0:00:03]} 2. g3 {[%emt 0:00:05]} d5 {[%emt 0:00:06]} 3. Bg2 {[%emt 0:00:03]} e6 {[%emt 0:00:02]} 4. O-O {[%emt 0:00:04]} Be7 {[%emt 0:00:01]} 5. d4 {[%emt 0:00:29]} O-O {[%emt 0:00:02]} 6. c4 {[%emt 0:00:04]} dxc4 {[%emt 0:00:02]} 7. Ne5 {[%emt 0:01:14]} Nc6 {[%emt 0:00:23]} 8. Bxc6 {[%emt 0:00:05]} bxc6 {[%emt 0:00:01]} 9. Nxc6 {[%emt 0:00:03]} Qe8 {[%emt 0:00:04]} 10. Nxe7+ {[%emt 0:00:05]} Qxe7 {[%emt 0:00:02]} 11. Qa4 {[%emt 0:00:06]} e5 {[%emt 0:01:07]} 12. dxe5 {[%emt 0:00:04]} Qxe5 {[%emt 0:00:02]} 13. Qxc4 {[%emt 0:00:04]} Be6 {[%emt 0:00:47] E05: Open Catalan: 5 Nf3 Be7.} 14. Qd3 {[%emt 0:00:05]} Rad8 {[%emt 0:08:40]} 15. Qe3 {[%emt 0:00:04]} Qh5 {[%emt 0:00:02] Hoping for ...Ng4.} 16. f3 {[%emt 0:00:15] Repels Ng4} Bh3 {[%emt 0:00:22]} (16... Bc4 $5 {[%cal Rf8e8]} 17. Qf2 Rfe8 $14) 17. Re1 {[%emt 0:00:15]} Rfe8 {[%emt 0:00:29] [#]} 18. Qf2 {[%emt 0:00:35]} Nd5 {[%emt 0:02:30] [#]} 19. a3 $146 {[%emt 0:03:34] Against Nb4} ({Predecessor:} 19. Bd2 Qe5 20. Nc3 Nb4 21. Red1 Bf5 22. Bf4 Qa5 23. a3 Nc6 24. Rac1 h6 25. h4 {1-0 Ehlvest,J (2602)-Sharavdorj,D (2421) Western Class-ch 2004 (2)}) 19... Qe5 {[%emt 0:01:43]} 20. e4 {[%emt 0:04:47]} f5 {[%emt 0:00:20][%cal Rf5e4]} 21. Nd2 {[%emt 0:02:35]} ({Not} 21. Qxa7 fxe4 22. Qc5 (22. Rxe4 $2 Qf5 $19) 22... Qh5 $17) (21. Bg5 $14 Rb8 22. Nd2 fxe4 23. Nxe4 Qxb2 24. Rad1 Qxf2+ 25. Kxf2 Rb2+ 26. Rd2 Rxd2+ 27. Bxd2) 21... Nf6 $11 {[%emt 0:00:16]} 22. Rb1 {[%emt 0:02:53]} ({Of course not} 22. Qxa7 fxe4 23. Nxe4 Nxe4 24. fxe4 Rf8 $15) 22... fxe4 {[%emt 0:00:27]} 23. Nxe4 {[%emt 0:00:02]} Nxe4 {[%emt 0:00:09]} 24. fxe4 {[%emt 0:00:01]} Qxe4 $2 {[%emt 0:00:26][%mdl 8192]} 25. Bg5 $18 {[%emt 0:00:21]} Qd5 {[%emt 0:00:55]} 26. Bxd8 {[%emt 0:00:14][%cal Re1e8]} Rf8 {[%emt 0:00:16]} (26... Rxd8 27. b4 (27. Qxa7 $2 Qg2#) 27... Rf8) 27. Rbd1 {[%emt 0:00:26]} (27. Qxa7 $2 Qg2#) 27... Qc6 {[%emt 0:00:10]} 28. Rc1 {[%emt 0:00:36]} (28. Qxa7 $2 Qg2#) 28... Qd5 $2 {[%emt 0:00:07]} (28... Qa8) 29. Rcd1 {[%emt 0:00:25]} (29. Qxa7 $2 Qg2#) 29... Qc6 $1 {[%emt 0:00:04]} 30. Rc1 {[%emt 0:00:02]} (30. Qxa7 $2 Qg2#) 30... Qd5 $1 {[%emt 0:00:01]} 31. Red1 {[%emt 0:00:27]} (31. Qxa7 $2 Qg2#) 31... Qb7 {[%emt 0:00:27]} 32. Rxc7 {[%emt 0:00:15]} Qb3 {[%emt 0:00:11]} 33. Qe2 {[%emt 0:00:09][%cal Oc7g7] aiming for Rxg7+!} Qb6+ {[%emt 0:00:08]} 34. Kh1 {[%emt 0:00:01][%cal Oc7g7] Intending Rxg7+! and mate.} Kh8 {[%emt 0:00:10]} 35. Qe5 {[%emt 0:00:22][%csl Gc7][%cal Re5g7]} Qg6 {[%emt 0:00:11]} 36. Be7 {[%emt 0:00:09]} (36. Rxa7 $2 {is a self mate.} Qc6+ 37. Qd5 Qxd5+ 38. Rxd5 Rf1#) 36... Qg4 {[%emt 0:00:06]} 37. Qd5 {[%emt 0:00:09]} Qe2 {[%emt 0:00:11] ( -> ...Rf1+)} 38. Bxf8 {[%emt 0:00:10]} (38. Bc5 $18) 38... Bg2+ $1 $11 {[%mdl 64] [#] Deflection. The position is equal.} 39. Qxg2 {[%emt 0:00:11]} Qxd1+ 40. Qg1 {[%emt 0:00:02]} Qf3+ {Weighted Error Value: White=0.85/Black=0.64} 1/2-1/2

[Event "1st China Chess King Competition 2024"]
[Site "Chengdu"]
[Date "2024.01.06"]
[Round "1.2"]
[White "Bu, Xiangzhi"]
[Black "Bai, Jinshi"]
[Result "1/2-1/2"]
[WhiteElo "2671"]
[BlackElo "2586"]
[Annotator "TA"]
[PlyCount "117"]
[EventDate "2024.01.07"]
[EventType "k.o."]
[EventCountry "CHN"]
[SourceTitle "playchess.com"]
[Source "ChessBase"]
[SourceQuality "1"]

{[%evp 13,117,25,36,10,25,25,29,28,35,10,32,0,0,-12,-6,-64,-60,-61,-57,-114,-114,-147,-132,-126,-138,-143,-21,-23,-24,-18,-27,-19,-28,-22,-19,-19,-20,-27,-22,-23,0,-3,0,0,0,0,26,24,39,0,66,66,66,66,66,66,66,66,66,66,66,66,66,66,66,66,456,310,221,0,2,5,5,0,0,0,0,0,0,0,0,0,0,0,90,0,0,0,0,0,0,0,0,0,0,0,0,0,0,0,0,0,0,0,0,0]} 1. Nf3 {[%emt 0:00:03]} d5 {[%emt 0:00:13]} 2. e3 {[%emt 0:00:02]} g6 {[%emt 0:00:09]} 3. c4 {[%emt 0:00:06]} c6 {[%emt 0:00:01]} 4. d4 {[%emt 0:00:24]} Nf6 {[%emt 0:00:03]} 5. Nc3 {[%emt 0:00:34]} Bg7 {[%emt 0:00:04]} 6. Be2 {[%emt 0:00:19]} O-O {[%emt 0:00:03]} 7. O-O {[%emt 0:00:02]} Ne4 {[%emt 0:00:03] 7...a6 is setting a new trend.} 8. a4 {[%emt 0:00:15][%cal Ba2a4,Ba4a5][%mdl 32] D94: Grünfeld: 4 Nf3 Bg7 5 e3.} b6 {[%emt 0:00:02] [#]} 9. a5 $1 {[%emt 0:00:13]} Nxc3 {[%emt 0:00:04]} 10. bxc3 {[%emt 0:00:02] White has an edge.} Ba6 {[%emt 0:00:01] [#]} 11. Qb3 $146 {[%emt 0:02:17]} ({Predecessor:} 11. Nd2 Nd7 12. axb6 axb6 13. Rxa6 Rxa6 14. cxd5 Ra5 15. dxc6 Nb8 16. Bf3 Qc7 17. Nc4 Nxc6 18. Bxc6 Qxc6 19. Nxa5 bxa5 {1-0 Huzman,A (2561)-Li,D (2561) RBI op Qualifier 1 blitz 2020 (9)}) 11... Qc7 {[%emt 0:02:06]} 12. axb6 {[%emt 0:04:16]} axb6 {[%emt 0:00:12] aiming for ...Bxc4.} 13. Ba3 {[%emt 0:01:25]} c5 {[%emt 0:02:24]} 14. dxc5 {[%emt 0:01:38]} ({White should play} 14. Rfb1 $11) 14... bxc5 $15 {[%emt 0:00:07]} 15. Rfd1 {[%emt 0:00:11]} e6 {[%emt 0:03:18]} 16. Ra2 {[%emt 0:03:39]} (16. Bf1 $15) 16... Nd7 $17 {[%emt 0:01:44]} 17. cxd5 {[%emt 0:01:32]} Bxe2 {[%emt 0:03:18]} 18. Rxe2 {[%emt 0:00:01]} Rfb8 {[%emt 0:00:01]} 19. Qa2 exd5 {[%emt 0:02:16]} ({Much less strong is} 19... Bxc3 20. dxe6 Ne5 21. Nxe5 Qxe5 22. exf7+ Kf8 23. e4 $16) (19... Nf8 $17 {...Qa7 is the strong threat.} 20. c4 exd5 21. Rxd5 (21. cxd5 $2 {loses.} Qa5 $19) 21... Bc3) 20. Qxd5 $11 Rxa3 {[%emt 0:00:09]} 21. Qxd7 Qxd7 {[%emt 0:00:05]} 22. Rxd7 Rb1+ {[%emt 0:01:36]} 23. Re1 Rxe1+ {[%emt 0:00:01]} 24. Nxe1 Bxc3 {[%emt 0:00:01][%mdl 4096] Endgame KRB-KRN} 25. Rd1 c4 {[%emt 0:00:01]} 26. Kf1 Kg7 {[%emt 0:00:38]} 27. Nf3 {[%emt 0:00:48]} Bf6 {[%emt 0:00:34]} 28. Rc1 {[%emt 0:00:17]} c3 {[%emt 0:00:05]} 29. Rc2 h5 {[%emt 0:00:11]} 30. Ke2 {[%emt 0:00:01]} Ra1 {[%emt 0:00:14]} 31. h4 {[%emt 0:00:26]} Kf8 {[%emt 0:00:12]} (31... Ra7 $11) 32. g3 $1 $14 {[%emt 0:00:02]} Ke7 {[%emt 0:00:02]} 33. Nd4 $1 {[%emt 0:00:04]} Bxd4 {[%emt 0:00:23]} 34. exd4 {KR-KR} Ra3 {[%emt 0:00:03]} 35. Kd3 {[%emt 0:00:03]} Kd6 {[%emt 0:00:02]} 36. Rxc3 {[%emt 0:00:02]} Ra2 37. Ke3 {[%emt 0:00:01]} Rb2 {[%emt 0:00:10]} 38. Ra3 {[%emt 0:00:03]} Ke6 {[%emt 0:00:05]} 39. Ra6+ {[%emt 0:00:18]} Kd5 $2 {[%emt 0:00:10][%mdl 8192] [#]} (39... Kf5 $14) 40. Rf6 $1 $18 {[%emt 0:00:16]} Rb7 {[%emt 0:00:06]} 41. f3 $2 {[%emt 0:00:32]} (41. Kf3 $18) 41... Re7+ $1 $11 {[%emt 0:00:18]} 42. Kf4 {[%emt 0:01:03]} Kxd4 {[%emt 0:00:01]} 43. g4 {[%emt 0:00:40]} hxg4 {[%emt 0:00:17]} 44. Kxg4 {[%emt 0:00:16]} Ke3 {[%emt 0:00:09]} 45. f4 {[%emt 0:00:27]} Ra7 46. f5 {[%emt 0:00:22]} gxf5+ {[%emt 0:00:21]} (46... Ra4+ $2 47. Kg5 $18) 47. Rxf5 {[%emt 0:00:02] Strongly threatening h5.} Ke4 {[%emt 0:00:06]} 48. h5 {[%emt 0:00:11]} Ra1 {[%emt 0:00:20]} (48... Ra8 $11) 49. Kg5 {[%emt 0:00:05]} ({Better is} 49. Rxf7 $16 {Threatens to win with Re7+.} Rg1+ 50. Kh4) 49... Rg1+ {[%emt 0:00:11] The position is equal.} 50. Kf6 Rh1 {[%emt 0:00:01]} 51. Ra5 {[%emt 0:00:02]} Rf1+ $1 {[%emt 0:00:04]} 52. Kg5 {[%emt 0:00:23]} Rg1+ {[%emt 0:00:13]} 53. Kf6 {[%emt 0:00:33]} Rf1+ $1 {[%emt 0:00:01]} 54. Kg7 f5 {[%emt 0:00:02]} 55. h6 (55. Kf6 $5 f4 $8 56. Re5+ Kd4 57. Rf5 $11) 55... Rh1 {[%emt 0:00:25]} 56. Ra4+ {[%emt 0:00:34]} Ke3 {[%emt 0:00:06]} 57. Ra3+ {[%emt 0:00:05]} Ke4 {[%emt 0:00:01]} 58. Ra4+ {[%emt 0:00:14]} Ke3 {[%emt 0:00:02]} 59. Ra3+ {[%emt 0:00:10] Weighted Error Value: White=0.17 (very precise) /Black=0.22 (precise)} 1/2-1/2

[Event "1st China Chess King Competition 2024"]
[Site "Chengdu"]
[Date "2024.01.06"]
[Round "1.2"]
[White "Lu, Shanglei"]
[Black "Huang, Renjie"]
[Result "0-1"]
[WhiteElo "2611"]
[BlackElo "2513"]
[Annotator "TA"]
[PlyCount "68"]
[EventDate "2024.01.07"]
[EventType "k.o."]
[EventCountry "CHN"]
[SourceTitle "playchess.com"]
[Source "ChessBase"]
[SourceQuality "1"]

{[%evp 10,68,0,-12,12,0,18,15,20,17,8,10,4,9,22,21,21,12,15,16,16,19,25,12,10,0,6,0,5,-43,-22,-132,-127,-127,-133,-138,-135,-138,-69,-130,-112,-110,-111,-711,-700,-2422,-2094,-3657,-2991,-2370,-2171,-2435,-2256,-12833,-12832,-11096,-8789,-5273,-4615,-6299,-6299]} 1. e4 {[%emt 0:00:02]} e5 2. Nf3 {[%emt 0:00:04]} Nc6 {[%emt 0:00:01]} 3. d4 {[%emt 0:00:02]} exd4 {[%emt 0:00:06]} 4. Nxd4 {[%emt 0:00:01]} Nf6 {[%emt 0:00:05]} 5. Nxc6 {[%emt 0:00:04]} bxc6 {[%emt 0:00:02]} 6. Nd2 {[%emt 0:00:02]} d6 {[%emt 0:00:45] C45: Scotch Game.} 7. b3 {[%emt 0:03:06]} g6 {[%emt 0:00:06]} 8. Bb2 {[%emt 0:00:15]} Bg7 {[%emt 0:00:01] The position is equal.} 9. Bd3 {[%emt 0:00:21]} O-O {[%emt 0:00:03]} 10. O-O Re8 {[%emt 0:00:03]} 11. Re1 {[%emt 0:01:33]} Ng4 {[%emt 0:01:07]} 12. Bxg7 {[%emt 0:00:19]} Kxg7 {[%emt 0:00:01] [#]} 13. Nf3 $146 {[%emt 0:00:55] Prevents Qh4} ({Predecessor:} 13. h3 Ne5 14. Nf3 Qf6 15. Nxe5 Rxe5 16. Qd2 g5 17. Re3 Bd7 18. Rf1 Kh8 19. Rg3 {0-1 Marjanovic,D (2372)-Ernst,S (2541) BIH-chT 21st 2023 (4.2)}) 13... Qf6 {[%emt 0:00:23]} 14. Qd2 {[%emt 0:00:02]} Ne5 {[%emt 0:01:42]} 15. Nxe5 {[%emt 0:00:02]} Qxe5 {[%emt 0:00:01]} 16. c3 {[%emt 0:00:41]} a5 {[%emt 0:00:30][%cal Ba7a5,Ba5a4][%mdl 32]} 17. Re3 {[%emt 0:00:22]} a4 {[%emt 0:01:11] ...axb3 is the strong threat.} 18. b4 {[%emt 0:02:25]} c5 {[%emt 0:00:10][%cal Bc6c5,Bc5c4][%mdl 32]} 19. b5 {[%emt 0:03:22]} (19. Bb5 $11 {is superior.} Rd8 20. Bc6) 19... Be6 $15 {[%emt 0:00:51]} 20. Rf1 {[%emt 0:00:56]} (20. Rg3 $11 {remains equal.} c4 {[%mdl 64] Discovered Attack} 21. Rg5) 20... c4 $17 {[%emt 0:00:16] Black has more active pieces.} 21. f4 {[%emt 0:00:22]} Qxb5 {[%emt 0:00:02]} 22. Bc2 {[%emt 0:00:34] Hoping for f5.} Qc5 {[%emt 0:01:05][%cal Oe6f5]} 23. Kh1 {[%emt 0:00:21]} f5 {[%emt 0:00:21]} (23... Bd7 $17 24. Ref3 f6) 24. Rfe1 {[%emt 0:00:33] [#]} ({White should play} 24. Ree1 $15) 24... fxe4 $1 {[%emt 0:01:05]} 25. Bxe4 {[%emt 0:00:07]} Rab8 {[%emt 0:00:03]} 26. Bxg6 {[%emt 0:00:54][%mdl 8192] White does not recover from this.} hxg6 $19 {[%emt 0:00:02] Black is clearly winning.} 27. Rxe6 {[%emt 0:00:01]} Rxe6 {[%emt 0:00:01]} 28. Rxe6 $17 {[%emt 0:00:03][%mdl 4096] Endgame [#] KQR-KQR} Qd5 $3 {[%emt 0:00:35][%mdl 576] Back Rank} 29. Re7+ {[%emt 0:00:08]} Kf8 {[%emt 0:00:08]} 30. Qe1 {[%emt 0:00:08]} Qd3 {[%emt 0:00:04]} ({Not} 30... Rb2 31. Re8+ Kg7 32. Re2 (32. Qe7+ Qf7 $17) 32... Rxe2 33. Qxe2 $11) 31. g4 {[%emt 0:02:08]} Rb1 {[%emt 0:00:27]} 32. Re8+ {[%emt 0:00:10]} Kg7 {[%emt 0:00:01]} 33. Re7+ {[%emt 0:00:05]} Kh6 {[%emt 0:00:01]} 34. g5+ {[%emt 0:00:26]} Kh5 {A cool game by Huang.   Weighted Error Value: White=1.31/Black=0.04 (flawless)} 0-1

[Event "1st China Chess King Competition 2024"]
[Site "Chengdu"]
[Date "2024.01.06"]
[Round "1.2"]
[White "Bai, Jinshi"]
[Black "Bu, Xiangzhi"]
[Result "1/2-1/2"]
[WhiteElo "2586"]
[BlackElo "2671"]
[Annotator "TA"]
[PlyCount "195"]
[EventDate "2024.01.07"]
[EventType "k.o."]
[EventCountry "CHN"]
[SourceTitle "playchess.com"]
[Source "ChessBase"]
[SourceQuality "1"]

{[%evp 15,195,7,17,10,17,9,7,0,17,0,0,0,0,0,21,23,21,17,45,45,52,54,54,46,48,48,38,44,37,-32,64,63,65,65,83,83,87,87,79,83,86,86,139,127,149,52,112,95,99,16,16,13,35,31,16,25,21,23,24,27,29,39,33,0,0,0,0,0,135,156,236,210,220,79,85,108,132,0,0,0,0,0,57,57,57,57,57,57,57,57,57,57,57,57,57,57,57,57,57,57,57,57,57,0,57,57,57,57,57,57,57,57,57,57,57,57,57,57,57,11,11,6,6,6,6,0,11,11,12,12,12,12,12,0,0,0,0,0,0,0,0,0,0,0,0,0,0,0,0,0,0,0,0,0,0,0,0,0,0,0,0,0,0,0,0,0,0,0,0,0,0,0,0,0,0,0,0,0,0,0,0,0]} 1. c4 {[%emt 0:00:02]} e6 {[%emt 0:00:11]} 2. Nc3 {[%emt 0:00:03]} d5 {[%emt 0:00:03]} 3. d4 {[%emt 0:00:03]} Nf6 {[%emt 0:00:03]} 4. cxd5 {[%emt 0:00:09]} exd5 {[%emt 0:00:02]} 5. Bg5 {[%emt 0:00:11][%cal Bc1g5,Bg5h4,Bh4g3][%mdl 32]} c6 {[%emt 0:00:02]} 6. e3 {[%emt 0:00:02]} h6 {[%emt 0:00:07]} 7. Bh4 {[%emt 0:00:02]} Be7 {[%emt 0:00:03]} 8. Bd3 {[%emt 0:00:08]} O-O {[%emt 0:00:16]} 9. Bg3 {[%emt 0:00:55] D35: Queen's Gambit Declined: Exchange Variation.} Nbd7 {[%emt 0:00:09]} 10. h3 {[%emt 0:00:12]} Ne8 {[%emt 0:00:06]} 11. Nf3 {[%emt 0:00:08]} Bd6 {[%emt 0:00:10]} 12. Bxd6 {[%emt 0:00:08]} Nxd6 {[%emt 0:00:02]} 13. O-O {[%emt 0:00:10]} Re8 {[%emt 0:01:03]} 14. Qc2 {[%emt 0:00:08] [#]} Nf8 $146 {[%emt 0:03:38]} ({Predecessor:} 14... Qf6 15. Rae1 Nf8 16. Ne5 Qd8 17. f4 f6 18. Nf3 Be6 19. a3 Rc8 20. b4 Rc7 21. Re2 Rce7 {0-1 Goldin,A (2542)-Salem,A (2679) Titled Tuesday intern op 30th Aug Early blitz 2022 (1)}) 15. b4 {[%emt 0:01:49]} Qf6 {[%emt 0:01:45][%cal Oc8h3]} 16. Ne5 {[%emt 0:00:13]} Bf5 {[%emt 0:00:04]} 17. b5 {[%emt 0:00:32]} Rac8 {[%emt 0:02:17]} 18. bxc6 {[%emt 0:01:59]} (18. Rac1 {is interesting.} Bxd3 19. Qxd3 Ng6 20. bxc6 bxc6 21. Nxc6 Rxc6 22. Nxd5 Qg5 23. Rxc6 Qxd5 24. Rc5) 18... bxc6 {[%emt 0:00:07]} 19. Rfc1 {[%emt 0:00:02]} Ng6 {[%emt 0:01:46]} 20. Bxf5 {[%emt 0:03:39]} Nxf5 {[%emt 0:00:08]} 21. Nxg6 {[%emt 0:00:06]} Qxg6 {[%emt 0:01:19]} 22. g4 {[%emt 0:00:10]} (22. Qd1 $14) 22... Nd6 {[%emt 0:00:33]} (22... Nxd4 $1 $15 23. Qxg6 Nf3+ 24. Kg2 Nh4+ 25. Kg3 Nxg6) 23. Qxg6 $14 {[%emt 0:00:03]} fxg6 {[%emt 0:00:01]} 24. Rab1 {[%emt 0:00:07]} Rb8 {[%emt 0:00:33]} 25. Na4 {[%emt 0:02:19]} Nc4 {[%emt 0:02:20]} 26. Rb3 Rf8 {[%emt 0:01:30]} 27. Nc5 {[%emt 0:02:44]} Rbe8 {[%emt 0:00:33]} 28. Rb7 {[%emt 0:01:39]} a5 {[%emt 0:00:49]} (28... Rf7 $142) 29. Rc7 {[%emt 0:00:17]} Rb8 30. Rc2 {[%emt 0:00:17] White is more active.} ({Of course not} 30. Rxc6 $6 Rb2 31. Rf1 (31. Rxg6 $2 {loses.} Rfxf2 32. Rxc4 Rg2+ 33. Kf1 dxc4 $19) 31... g5 $11) (30. Ne6 $16 Rf6 31. Rxg7+ (31. Rxc6 Kf7 $11) 31... Kh8 32. Re7) 30... Rf6 {[%emt 0:00:01]} (30... Rbc8 $14 31. Rb7 Rb8) 31. Kg2 {[%emt 0:00:17]} g5 {[%emt 0:00:08]} 32. e4 {[%emt 0:00:12]} ({Better is} 32. a4 $16) 32... Na3 $1 $11 {[%emt 0:00:05]} 33. Rd2 {[%emt 0:00:31]} dxe4 34. Nxe4 {[%emt 0:00:04]} Rf4 35. Nc5 {[%emt 0:00:02]} Nb5 {[%emt 0:00:01][%csl LRc7,LRd4]} 36. Rd7 Re8 {[%emt 0:00:05]} 37. a4 {[%emt 0:00:17]} Nc3 38. Rb2 {[#] aiming for Rbb7.} Nd1 {[%emt 0:01:02]} 39. Rd2 {[%emt 0:00:39]} (39. Rc2 $5 {[%cal Rc5d3]}) 39... Nc3 {[%emt 0:00:02]} 40. Rc7 {[%emt 0:00:27]} Rf6 {[%emt 0:00:26]} 41. Ra7 Rd8 {[%emt 0:00:19]} (41... Ne2 $11 {keeps the balance.}) 42. Rxa5 $16 {[%emt 0:00:08]} Rfd6 (42... Nd5 $16 {was necessary.} 43. Ra6 Nf4+ 44. Kg3 Re8) 43. Ra7 {[%emt 0:00:14]} Rxd4 {[%emt 0:00:06]} 44. Rb2 {[%emt 0:00:10]} (44. Rxd4 $18 Rxd4 45. Ne6) 44... R4d5 {[%emt 0:00:12]} 45. Ne6 $1 {[%emt 0:00:39][%csl LRd8,LRg7]} R8d7 {[%emt 0:00:01]} 46. Rxd7 {[%emt 0:00:14]} (46. Rb8+ $16 Kf7 47. Nd8+ Kf6 48. Rxd7 {[%mdl 64] Deflection} Rxd7 49. a5) 46... Rxd7 {[%mdl 4096] Endgame KRN-KRN} 47. a5 {Strongly threatening Rc2.} Ra7 {[%emt 0:00:04]} 48. Rc2 {[%emt 0:00:07]} Nb5 {[%emt 0:00:46]} (48... Nd5 $11) 49. Rxc6 $14 {[%emt 0:00:11] Black must now prevent Rc8+.} Rxa5 {[%emt 0:00:05]} 50. Rc5 {[%emt 0:00:13] [#] Nc7 is the strong threat.} Ra6 $1 {[%emt 0:00:03]} 51. Nxg5 {[%emt 0:00:05]} hxg5 {[%emt 0:00:17]} 52. Rxb5 {[%emt 0:00:02] KR-KR} Rg6 53. Rf5 {[%emt 0:00:15]} Kh7 {[%emt 0:00:01]} 54. Kf3 {[%emt 0:00:19]} Rh6 {[%emt 0:00:03]} 55. Kg3 {[%emt 0:00:17]} Kg6 56. Ra5 {[%emt 0:00:15] And now Ra6+ would win.} Rh8 57. Ra6+ Kf7 58. Ra7+ {[%emt 0:00:06]} Kf6 {[%emt 0:00:01]} 59. Ra6+ {[%emt 0:00:01]} Kf7 $1 60. Ra3 Rb8 {[%emt 0:00:09]} 61. Kf3 {[%emt 0:00:13]} Rb4 {[%emt 0:00:06]} 62. Ke3 {[%emt 0:00:03]} Kf6 {[%emt 0:00:07]} 63. Ra6+ {[%emt 0:00:03]} Kf7 64. Rd6 {[%emt 0:00:02]} Ra4 {[%emt 0:00:11]} 65. Rd4 {[%emt 0:00:05]} Ra3+ 66. Rd3 {[%emt 0:00:01]} Ra4 67. f3 {[%emt 0:00:10]} (67. Kf3 $14 {deserves consideration.}) 67... Ra2 $1 $11 {[%emt 0:00:38] The position is equal.} 68. Ke4 {[%emt 0:01:09]} Ke6 {[%emt 0:00:13]} 69. Rb3 {[%emt 0:00:19]} Re2+ {[%emt 0:00:01]} 70. Re3 Rh2 {[%emt 0:00:06]} 71. f4 {[%emt 0:00:03]} gxf4 {[%emt 0:00:27]} 72. Kxf4+ Kf6 73. Kg3 {[%emt 0:00:36]} Rh1 {[%emt 0:00:31]} 74. h4 {[%emt 0:00:12]} Rg1+ {[%emt 0:00:05]} 75. Kf3 {[%emt 0:00:05]} Rh1 {[%emt 0:00:06]} 76. Kg3 {[%emt 0:00:09]} Rg1+ {[%emt 0:00:01]} 77. Kf4 g5+ {[%emt 0:00:34]} 78. hxg5+ {[%emt 0:00:02]} Kg6 79. Re6+ {[%emt 0:00:16]} Kf7 80. Re3 {[%emt 0:00:21]} Kg6 {[%emt 0:00:01]} 81. Re6+ {[%emt 0:00:08]} Kf7 82. Ra6 {[%emt 0:00:18]} Rf1+ {[%emt 0:00:02]} 83. Kg3 {[%emt 0:00:05]} Rg1+ {[%emt 0:00:01]} 84. Kf3 {[%emt 0:00:02]} Rf1+ {[%emt 0:00:02]} 85. Kg2 {[%emt 0:00:03]} Rb1 {[%emt 0:00:02]} 86. Rc6 {[%emt 0:00:28]} Kg7 {[%emt 0:00:08]} 87. Kg3 {[%emt 0:00:07]} Rg1+ {[%emt 0:00:04]} 88. Kf4 {[%emt 0:00:03]} Rf1+ {[%emt 0:00:02]} 89. Ke5 Re1+ {[%emt 0:00:04]} 90. Kf4 {[%emt 0:00:14]} Rf1+ {[%emt 0:00:01]} 91. Kg3 {[%emt 0:00:01]} Rg1+ 92. Kf3 {[%emt 0:00:05]} Rf1+ {[%emt 0:00:02]} 93. Kg2 {[%emt 0:00:01]} Ra1 {[%emt 0:00:01]} 94. Rf6 {[%emt 0:00:33]} Ra3 95. Rf3 {[%emt 0:00:04]} Ra1 {[%emt 0:00:02]} 96. Rf5 {[%emt 0:00:27]} Ra3 {[%emt 0:00:02]} 97. Rf3 {[%emt 0:00:10]} Ra1 {[%emt 0:00:01]} 98. Rf6 {[%emt 0:00:02] Weighted Error Value: White=0.16 (very precise) /Black=0.16 (very precise)} 1/2-1/2

[Event "1st China Chess King Competition 2024"]
[Site "Chengdu"]
[Date "2024.01.06"]
[Round "1.2"]
[White "Li, Di"]
[Black "Xue, Haowen"]
[Result "1/2-1/2"]
[WhiteElo "2563"]
[BlackElo "2452"]
[Annotator "TA"]
[PlyCount "79"]
[EventDate "2024.01.07"]
[EventType "k.o."]
[EventCountry "CHN"]
[SourceTitle "playchess.com"]
[Source "ChessBase"]
[SourceQuality "1"]

{[%evp 9,79,-6,0,0,5,17,16,12,10,0,13,0,6,1,0,8,6,0,0,0,0,0,0,0,0,0,0,0,0,-9,0,-7,0,-9,10,16,5,0,18,9,11,4,16,16,16,16,16,16,16,16,15,15,16,16,19,0,0,0,0,0,18,0,0,0,0,0,0,0,0,0,0,0]} 1. e4 c6 {[%emt 0:00:02]} 2. Nf3 {[%emt 0:00:04]} d5 {[%emt 0:00:02]} 3. d3 {[%emt 0:00:02]} dxe4 {[%emt 0:00:08]} 4. dxe4 {[%emt 0:00:01]} Qxd1+ {[%emt 0:00:02]} 5. Kxd1 {[%emt 0:00:01]} Nf6 {[%emt 0:00:03] The position is equal.} 6. Nbd2 {[%emt 0:00:05] B10: Caro-Kann: 2 d3 and 2 c4.} Nbd7 {[%emt 0:00:48]} 7. Ne1 {[%emt 0:00:12]} Ng4 {[%emt 0:01:17]} 8. Ke2 {[%emt 0:02:49]} b6 {[%emt 0:00:15] [#]} 9. Nd3 $146 {[%emt 0:01:41]} ({Predecessor:} 9. f3 Ba6+ 10. c4 Nge5 11. Kf2 g5 12. b4 Bg7 13. Rb1 c5 14. a3 cxb4 15. axb4 {0-1 Leniart,A (2476)-Rudolf,M (2361) Krakow op-A 2022 (4)}) 9... Ba6 {[%emt 0:00:33]} 10. f3 {[%emt 0:00:32]} Nge5 {[%emt 0:02:04]} 11. Ke3 {[%emt 0:00:03] [#] Threatens to win with Nxe5.} Bxd3 {[%emt 0:03:32]} 12. Bxd3 {[%emt 0:00:11]} g5 {[%emt 0:00:34]} 13. h4 {[%emt 0:02:00]} gxh4 {[%emt 0:00:40]} 14. Rxh4 {[%emt 0:00:28]} h5 {[%emt 0:00:20]} 15. Nc4 {[%emt 0:00:57]} Ng6 {[%emt 0:01:52] Excellent horsemanship.} 16. Rh1 {[%emt 0:00:46]} Bh6+ {[%emt 0:01:13]} 17. Kf2 {[%emt 0:00:05]} Bxc1 {[%emt 0:00:12]} 18. Raxc1 {[%emt 0:00:10]} h4 {[%emt 0:00:21]} 19. Ke3 {[%emt 0:01:17]} O-O-O {[%emt 0:01:22]} 20. b4 {[%emt 0:02:09]} Nde5 {[%emt 0:01:49]} 21. Rh2 {[%emt 0:01:01]} e6 {[%emt 0:00:47]} 22. Nxe5 {[%emt 0:00:44]} Nxe5 {[%emt 0:00:01]} 23. Be2 {[%emt 0:00:03]} Rhg8 {[%emt 0:00:44]} 24. Rg1 {[%emt 0:00:29]} Ng6 {[%emt 0:00:10]} 25. g3 {[%emt 0:02:11]} hxg3 {[%emt 0:00:02]} 26. Rxg3 {[%emt 0:00:01]} Rh8 {[%emt 0:00:10] Prevents Rh7} 27. Rgh3 {[%emt 0:00:25]} Kd7 {[%emt 0:00:19]} 28. Rxh8 {[%emt 0:00:48]} Rxh8 {[%emt 0:00:01]} 29. Rxh8 {[%emt 0:00:02]} Nxh8 $11 {[%mdl 4096] Endgame KB-KN} 30. f4 {[%emt 0:00:09]} f6 {[%emt 0:00:29]} 31. Bh5 {[%emt 0:00:03]} Ke7 $1 {[%emt 0:00:13]} 32. c4 {[%emt 0:00:41]} Nf7 {[%emt 0:00:03]} 33. c5 {[%emt 0:00:06]} bxc5 {[%emt 0:00:05]} 34. bxc5 Nd8 {[%emt 0:00:18]} 35. Kd4 {[%emt 0:00:09]} e5+ {[%emt 0:00:13]} 36. fxe5 {[%emt 0:00:12]} Ne6+ {[%emt 0:00:05]} 37. Kc4 {[%emt 0:00:11]} fxe5 {[%emt 0:00:02]} 38. Bg4 {[%emt 0:00:09]} Ng5 {[%emt 0:00:13]} 39. Bf5 {[%emt 0:00:06]} Kd8 {[%emt 0:00:03]} 40. Kd3 {[%emt 0:00:27] A rather calm draw.   Weighted Error Value: White=0.04 (flawless) /Black=0.03 (flawless)} 1/2-1/2